00303nam a2200109Ia 4500008004100000082001800041100001500059245006200074260003300136300000800169650001600177191201s2003 xx 000 0 und d a621.3104bSIE aSINGH, S N 0aElectric Power Generation, Transmission, and Distribution aN.DelhibPrentice Hallc2003 a406 aB.Tech(ECE)